Can you name every upgrade in BTD6? - Statistics

General Stats
  • This quiz has been taken 11,389 times
    3,471 since last reset
  • The average score is 136 of 368
Answer Stats
Monkey Crosspath Answer % Correct
Dart Monkey xx3 Crossbow
79%
Dart Monkey 4xx Juggernaut
79%
Dart Monkey xx5 Crossbow Master
76%
Dart Monkey x4x Super Monkey Fan Club
75%
Dart Monkey 5xx Ultra-Juggernaut
75%
Dart Monkey x5x Plasma Monkey Fan Club
71%
Dart Monkey x3x Triple Shot
71%
Dart Monkey 1xx Sharp Shots
70%
Monkey Buccaneer xx1 Long Range
68%
Boomerang Monkey 5xx Glaive Lord
65%
Dart Monkey 3xx Spike-O-Pult
63%
Dart Monkey Paragon Apex Plasma Master
62%
Monkey Sub 1xx Longer Range
62%
Dart Monkey xx4 Sharp Shooter
62%
Boomerang Monkey 2xx Glaives
61%
Dart Monkey x1x Quick Shots
59%
Monkey Buccaneer x2x Hot Shot
57%
Boomerang Monkey 4xx M.O.A.R Glaives
57%
Boomerang Monkey xx2 Red Hot Rangs
57%
Tack Shooter xx5 The Tack Zone
57%
Dart Monkey xx2 Enhanced Eyesight
56%
Boomerang Monkey 3xx Glaive Ricochet
56%
Monkey Buccaneer x1x Grape Shot
56%
Tack Shooter xx1 More Tacks
56%
Boomerang Monkey x1x Faster Throwing
55%
Alchemist xx1 Faster Throwing
55%
Boomerang Monkey xx5 MOAB Domination
55%
Tack Shooter 4xx Ring of Fire
55%
Bomb Shooter 1xx Bigger Bombs
54%
Boomerang Monkey xx3 Kylie Boomerang
54%
Tack Shooter xx2 Even More Tacks
53%
Tack Shooter 1xx Faster Shooting
53%
Monkey Buccaneer 1xx Faster Shooting
53%
Bomb Shooter x5x MOAB Eliminator
53%
Glue Gunner xx3 MOAB Glue
53%
Boomerang Monkey xx4 MOAB Press
53%
Boomerang Monkey x5x Perma Charge
53%
Sniper Monkey xx5 Elite Defender
52%
Tack Shooter 5xx Inferno Ring
52%
Dart Monkey 2xx Razor Sharp Shots
52%
Super Monkey x1x Super Range
52%
Bomb Shooter xx3 Cluster Bombs
51%
Monkey Buccaneer 2xx Double Shot
51%
Ninja Monkey 3xx Double Shot
51%
Glue Gunner x5x Glue Storm
51%
Bomb Shooter x4x MOAB Assassin
51%
Bomb Shooter x3x MOAB Mauler
51%
Tack Shooter xx4 Overdrive
51%
Glue Gunner 5xx The Bloon Solver
51%
Bomb Shooter 5xx Bloon Crush
50%
Glue Gunner 2xx Corrosive Glue
50%
Sniper Monkey xx1 Faster Firing
50%
Heli Pilot xx2 Faster Firing
50%
Boomerang Monkey x3x Bionic Boomerang
49%
Sniper Monkey 5xx Cripple MOAB
49%
Ice Monkey 4xx Embrittlement
49%
Dartling Gunner x5x M.A.D
49%
Bomb Shooter xx4 Recursive Cluster
49%
Ice Monkey 5xx Super Brittle
49%
Super Monkey 5xx True Sun God
49%
Sniper Monkey x5x Elite Sniper
48%
Boomerang Monkey x2x Faster Rangs
48%
Boomerang Monkey Paragon Glaive Dominus
48%
Bomb Shooter 2xx Heavy Bombs
48%
Super Monkey 4xx Sun Temple
48%
Monkey Buccaneer x5x Pirate Lord
47%
Monkey Ace xx1 Sharper Darts
47%
Ice Monkey x5x Absolute Zero
46%
Bomb Shooter xx5 Bomb Blitz
46%
Sniper Monkey x3x Bouncing Bullet
46%
Monkey Buccaneer 3xx Destroyer
46%
Bomb Shooter xx2 Frag Bombs
46%
Dartling Gunner 5xx Ray of Doom
46%
Monkey Sub xx5 Sub Commander
46%
Glue Gunner xx5 Super Glue
46%
Tack Shooter x4x Blade Maelstrom
45%
Tack Shooter x3x Blade Shooter
45%
Monkey Sub 5xx Energizer
45%
Bomb Shooter x2x Missile Launcher
45%
Monkey Ace xx4 Spectre
45%
Monkey Sub 3xx Submerge and Support
45%
Super Monkey 3xx Sun Avatar
45%
Wizard Monkey x2x Wall of Fire
45%
Monkey Sub 2xx Advanced Intel
44%
Monkey Buccaneer xx2 Crow's Nest
44%
Tack Shooter 2xx Even Faster Shooting
44%
Monkey Ace xx5 Flying Fortress
44%
Glue Gunner x3x Glue Hose
44%
Ice Monkey xx5 Icicle Impale
44%
Spike Factory xx5 Perma-Spike
44%
Sniper Monkey x2x Shrapnel Shot
44%
Ice Monkey x4x Snowstorm
44%
Sniper Monkey x4x Supply Drop
44%
Monkey Ace x5x Tsar Bomba
44%
Ice Monkey xx4 Icicles
43%
Alchemist xx3 Lead To Gold
43%
Super Monkey xx5 Legend of the Night
43%
Monkey Buccaneer xx3 Merchantmen
43%
Heli Pilot 2xx Pursuit
43%
Glue Gunner xx4 Relentless Glue
43%
Super Monkey x3x Robo Monkey
43%
Boomerang Monkey x4x Turbo Charge
43%
Heli Pilot 5xx Apache Prime
42%
Wizard Monkey 5xx Archmage
42%
Sniper Monkey xx2 Even Faster Firing
42%
Heli Pilot xx1 Faster Darts
42%
Wizard Monkey x1x Fireball
42%
Glue Gunner x2x Glue Splatter
42%
Ice Monkey xx2 Re-Freeze
42%
Sniper Monkey xx3 Semi-Automatic
42%
Wizard Monkey xx3 Shimmer
42%
Tack Shooter x5x Super Maelstrom
42%
Mortar Monkey 5xx The Biggest One
42%
Mortar Monkey 4xx The Big One
42%
Monkey Sub xx2 Airburst Darts
41%
Monkey Buccaneer 4xx Aircraft Carrier
41%
Alchemist xx5 Bloon Master Alchemist
41%
Monkey Buccaneer x3x Cannon Ship
41%
Sniper Monkey 1xx Full Metal Jacket
41%
Heli Pilot xx3 MOAB Shove
41%
Monkey Buccaneer x4x Monkey Pirates
41%
Sniper Monkey x1x Night Vision Goggles
41%
Alchemist 5xx Permanent Brew
41%
Engineer Monkey xx2 Pin
41%
Alchemist xx4 Rubber to Gold
41%
Tack Shooter xx3 Tack Sprayer
41%
Monkey Buccaneer xx5 Trade Empire
41%
Monkey Sub xx3 Triple Guns
41%
Monkey Sub 4xx Bloontonium Reactor
40%
Dartling Gunner xx3 Buckshot
40%
Ice Monkey 2xx Cold Snap
40%
Ice Monkey xx3 Cryo Cannon
40%
Super Monkey xx3 Dark Knight
40%
Super Monkey x2x Epic Range
40%
Monkey Village 2xx Jungle Drums
40%
Super Monkey xx1 Knockback
40%
Wizard Monkey xx5 Prince of Darkness
40%
Ninja Monkey xx1 Seeking Shuriken
40%
Ninja Monkey 4xx Bloonjitsu
39%
Engineer Monkey xx4 Bloon Trap
39%
Ninja Monkey xx2 Caltrops
39%
Engineer Monkey xx3 Double Gun
39%
Druid x3x Druid of the Jungle
39%
Bomb Shooter x1x Faster Reload
39%
Mortar Monkey x1x Faster Reload
39%
Monkey Buccaneer xx4 Favored Trades
39%
Glue Gunner x4x Glue Strike
39%
Tack Shooter 3xx Hot Shots
39%
Dart Monkey xx1 Long Range Darts
39%
Banana Farm xx3 Marketplace
39%
Ninja Monkey xx5 Master Bomber
39%
Banana Farm x3x Monkey Bank
39%
Monkey Sub x5x Pre-Emptive Strike
39%
Monkey Ace 5xx Sky Shredder
39%
Glue Gunner xx1 Stickier Glue
39%
Ninja Monkey xx4 Sticky Bomb
39%
Dart Monkey x2x Very Quick Shots
39%
Heli Pilot 4xx Apache Dartship
38%
Monkey Sub xx4 Armor Piercing Darts
38%
Druid xx5 Avatar of Wrath
38%
Alchemist 3xx Berserker Brew
38%
Mortar Monkey xx5 Blooncineration
38%
Bomb Shooter 4xx Bloon Impact
38%
Ninja Monkey xx3 Flash Bomb
38%
Glue Gunner 1xx Glue Soak
38%
Ninja Monkey 5xx Grandmaster Ninja
38%
Ice Monkey 3xx Ice Shards
38%
Boomerang Monkey xx1 Long Range Rangs
38%
Tack Shooter x1x Long Range Tacks
38%
Sniper Monkey 4xx Maim MOAB
38%
Monkey Buccaneer Paragon Navarch of the Seas
38%
Monkey Ace xx3 Neva-Miss Targeting
38%
Engineer Monkey x4x Overclock
38%
Heli Pilot 3xx Razor Rotors
38%
Super Monkey x4x Tech Terror
38%
Super Monkey x5x The Anti-Bloon
38%
Monkey Sub x1x Barbed Darts
37%
Ninja Monkey x4x Bloon Sabotage
37%
Wizard Monkey x3x Dragon's Breath
37%
Spike Factory x1x Faster Production
37%
Sniper Monkey xx4 Full Auto Rifle
37%
Ice Monkey 1xx Permafrost
37%
Druid xx4 Poplust
37%
Heli Pilot 1xx Quad Darts
37%
Druid x5x Spirit of the Forest
37%
Wizard Monkey x4x Summon Phoenix
37%
Alchemist xx2 Acid Pool
36%
Glue Gunner 3xx Bloon Dissolver
36%
Dartling Gunner xx5 Bloon Exclusion Zone
36%
Mortar Monkey xx2 Burny Stuff
36%
Monkey Buccaneer 5xx Carrier Flagship
36%
Heli Pilot x3x Downdraft
36%
Monkey Sub x4x First Strike Capability
36%
Druid 1xx Hard Thorns
36%
Banana Farm xx5 Monkey Wall Street
36%
Monkey Ace 4xx Operation: Dart Storm
36%
Mortar Monkey x5x Pop and Awe
36%
Spike Factory xx2 Smart Spikes
36%
Spike Factory x4x Spike Storm
36%
Druid 5xx Superstorm
36%
Monkey Sub xx1 Twin Guns
36%
Super Monkey xx2 Ultravision
36%
Wizard Monkey x5x Wizard Lord Phoenix
36%
Ice Monkey x3x Arctic Wind
35%
Spike Factory x5x Carpet of Spikes
35%
Engineer Monkey x3x Cleansing Foam
35%
Monkey Ace Paragon Goliath Doomship
35%
Monkey Ace x4x Ground Zero
35%
Boomerang Monkey 1xx Improved Rangs
35%
Beast Handler 5xx Megalodon
35%
Monkey Village xx5 Monkeyopolis
35%
Monkey Village 5xx Primary Expertise
35%
Alchemist 4xx Stronger Stimulant
35%
Spike Factory 5xx Super Mines
35%
Wizard Monkey 4xx Arcane Spike
34%
Banana Farm 3xx Banana Plantation
34%
Monkey Ace xx2 Centered Path
34%
Super Monkey xx4 Dark Champion
34%
Ice Monkey x2x Deep Freeze
34%
Dartling Gunner x3x Hydra Rocket Pods
34%
Banana Farm x4x IMF Loan
34%
Dartling Gunner x4x Rocket Storm
34%
Mortar Monkey xx3 Signal Flare
34%
Spike Factory 3xx Spiked Balls
34%
Engineer Monkey x5x Ultraboost
34%
Banana Farm x2x Valuable Bananas
34%
Engineer Monkey xx5 XXXL Trap
34%
Monkey Sub x3x Ballistic Missile
33%
Glue Gunner x1x Bigger Globs
33%
Heli Pilot xx5 Comanche Commander
33%
Sniper Monkey 3xx Deadly Precision
33%
Ninja Monkey x1x Distraction
33%
Heli Pilot x2x IFR
33%
Dartling Gunner 2xx Laser Shock
33%
Mortar Monkey xx4 Shattering Shells
33%
Ninja Monkey x3x Shinobi Tactics
33%
Spike Factory 4xx Spiked Mines
33%
Glue Gunner xx2 Stronger Glue
33%
Beast Handler x4x Tyrannosaurus Rex
33%
Alchemist 2xx Acidic Mixture Dip
32%
Monkey Village x4x Call To Arms
32%
Spike Factory x2x Even Faster Production
32%
Dartling Gunner x2x Faster Barrel Spin
32%
Ninja Monkey x5x Grand Saboteur
32%
Druid x2x Heart of Oak
32%
Monkey Sub x2x Heat-tipped Darts
32%
Druid x4x Jungle's Bounty
32%
Alchemist 1xx Larger Potions
32%
Monkey Village x3x Monkey Intelligence Bureau
32%
Ninja Monkey 1xx Ninja Discipline
32%
Super Monkey 2xx Plasma Blasts
32%
Monkey Village 3xx Primary Training
32%
Engineer Monkey 5xx Sentry Champion
32%
Heli Pilot x4x Support Chinook
32%
Banana Farm 5xx Banana Central
31%
Banana Farm 4xx Banana Research Facility
31%
Ice Monkey xx1 Larger Radius
31%
Super Monkey 1xx Laser Blasts
31%
Spike Factory xx3 Long Life Spikes
31%
Monkey Village xx4 Monkey City
31%
Beast Handler 4xx Orca
31%
Dartling Gunner 4xx Plasma Accelerator
31%
Monkey Village x2x Radar Scanner
31%
Ninja Monkey 2xx Sharp Shurikens
31%
Mortar Monkey x4x Artillery Battery
30%
Heli Pilot x1x Bigger Jets
30%
Monkey Village 1xx Bigger Radius
30%
Glue Gunner 4xx Bloon Liquefier
30%
Monkey Ace x3x Bomber Ace
30%
Druid 3xx Druid of the Storm
30%
Ice Monkey x1x Enhanced Freeze
30%
Monkey Ace 3xx Fighter Plane
30%
Monkey Village x5x Homeland Defense
30%
Banana Farm x1x Long Life Bananas
30%
Wizard Monkey Paragon Magus Perfectus
30%
Wizard Monkey xx2 Monkey Sense
30%
Dartling Gunner xx2 Powerful Darts
30%
Engineer Monkey 3xx Sprockets
30%
Monkey Ace x2x Spy Plane
30%
Monkey Ace x1x Exploding Pineapple
29%
Dartling Gunner xx1 Faster Swivel
29%
Banana Farm x5x Monkey-Nomics
29%
Monkey Village xx3 Monkey Town
29%
Monkey Village 4xx Primary Mentoring
29%
Bomb Shooter 3xx Really Big Bombs
29%
Heli Pilot x5x Special Poperations
29%
Alchemist x5x Total Transformation
29%
Mortar Monkey 1xx Bigger Blast
28%
Banana Farm xx4 Central Market
28%
Spike Factory xx4 Deadly Spikes
28%
Druid xx3 Druid of Wrath
28%
Dartling Gunner 1xx Focused Firing
28%
Wizard Monkey 1xx Guided Magic
28%
Mortar Monkey x3x Heavy Shells
28%
Dartling Gunner 3xx Laser Cannon
28%
Mermonkey x5x Popseidon
28%
Engineer Monkey 4xx Sentry Expert
28%
Alchemist x3x Unstable Concoction
28%
Spike Factory 2xx White Hot Spikes
28%
Wizard Monkey 3xx Arcane Mastery
27%
Ninja Monkey Paragon Ascended Shadow
27%
Druid 4xx Ball Lightning
27%
Dartling Gunner xx4 Bloon Area Denial System
27%
Heli Pilot xx4 Comanche Defense
27%
Beast Handler 3xx Great White
27%
Druid xx2 Heart of Vengeance
27%
Engineer Monkey Paragon Master Builder
27%
Beast Handler 1xx Piranha
27%
Druid x1x Thorn Swarm
27%
Alchemist x4x Transforming Tonic
27%
Wizard Monkey xx4 Necromancer: Unpopped Army
26%
Beast Handler x3x Velociraptor
26%
Engineer Monkey x2x Deconstruction
25%
Mermonkey 5xx Lord of the Abyss
25%
Banana Farm xx1 EZ Collect
25%
Druid 2xx Heart of Thunder
25%
Alchemist x2x Perishing Potions
25%
Tack Shooter x2x Super Range Tacks
25%
Mermonkey xx5 The Final Harmonic
25%
Banana Farm xx2 Banana Salvage
24%
Spike Factory 1xx Bigger Stacks
24%
Wizard Monkey xx1 Intense Magic
24%
Monkey Sub Paragon Nautic Siege Core
24%
Mortar Monkey 3xx Shell Shock
24%
Wizard Monkey 2xx Arcane Blast
23%
Beast Handler 2xx Barracuda
23%
Mortar Monkey xx1 Increased Accuracy
23%
Sniper Monkey 2xx Large Calibre
23%
Ninja Monkey x2x Counter-Espionage
22%
Engineer Monkey 2xx Faster Engineering
22%
Banana Farm 2xx Greater Production
22%
Monkey Village x1x Grow Blocker
22%
Spike Factory x3x MOAB SHREDR
22%
Engineer Monkey 1xx Sentry Gun
22%
Bomb Shooter xx1 Extra Range
21%
Mortar Monkey 2xx Bloon Buster
20%
Beast Handler xx3 Golden Eagle
20%
Monkey Ace 2xx Lots More Darts
20%
Mortar Monkey x2x Rapid Reload
20%
Alchemist x1x Stronger Acid
20%
Beast Handler xx2 Horned Owl
19%
Dartling Gunner x1x Advanced Targeting
18%
Beast Handler xx4 Giant Condor
18%
Banana Farm 1xx Increased Production
18%
Engineer Monkey x1x Larger Service Area
18%
Mermonkey 4xx Abyssal Warrior
17%
Mermonkey x4x Arctic Knight
17%
Druid xx1 Druidic Reach
17%
Beast Handler x1x Microraptor
17%
Beast Handler xx5 Pouākai
17%
Monkey Ace 1xx Rapid Fire
17%
Beast Handler x2x Adasaurus
16%
Mermonkey xx2 Echosense Network
16%
Beast Handler x5x Giganotosaurus
16%
Spike Factory xx1 Long Reach
15%
Mermonkey xx3 Alluring Melody
14%
Monkey Village xx2 Monkey Commerce
14%
Mermonkey 3xx Abyss Dweller
13%
Engineer Monkey xx1 Oversize Nails
13%
Monkey Village xx1 Monkey Business
12%
Mermonkey xx4 Symphonic Resonance
12%
Mermonkey 1xx Trident Efficiency
11%
Mermonkey x1x Sharper Prongs
10%
Beast Handler xx1 Gyrfalcon
8%
Mermonkey x3x Riptide Champion
8%
Mermonkey x2x Tidal Chill
8%
Mermonkey xx1 Echosense Precision
7%
Mermonkey 2xx Trident Swiftness
7%
No matching quizzes found
Score Distribution
Percent of People with Each Score
Percentile by Number Answered
Your Score History
You have not taken this quiz since the last reset